00951pab a2200193 454500008004000000100002100040245004500061260000900106300001500115362001000130520039800140650002100538650002000559650001200579773003400591909001000625999001700635952010500652180718b2001 xxu||||| |||| 00| 0 eng d aPanth, Ananth S. aSwarozgar yojana: old wine, new cocktail c2001 ap.3430-431 a8 Sep aThe Swarnajayanthi Grama Swarozgar Yojana introduced two years ago combines many of the features of the earlier poverty alleviation programmes, with the important distinction that it aims at eliminating poverty through self-help and entrepreneurship development and not just income generation. It can work well only with a great deal of more groundwork than has been done so far. - Reproduced aSwarozgar yojana aPoverty - India aPoverty aEconomic and Political Weekly a49903 c49903d49903 00104070aIIPAbIIPAd2018-07-19hVolume no: 36, Issue no: 36pAR50331r2018-07-19w2018-07-19yAR